{"text_format":"1","workbook":"xlsx","n_sheets":3,"sheets":["INSTRUCTIONS","Budget","mix_grass_budget"],"not_rendered":{"charts":0,"images":0,"macros":1,"external_links":0,"defined_names":2,"comments":0,"pivot_tables":0},"unopened":[],"bounds":{"document_bytes":16777216,"sheet_cells":100000,"rows_first":2000,"rows_last":500,"rows_between":2000,"halvings":0,"cell_chars":16384,"cell_head_chars":4096},"cells_cut":0,"cells_raw":0,"read":"whole","date_system":"1900"}

{"sheet":"INSTRUCTIONS","index":0,"n_rows":45,"n_cols":1,"rows_kept":45,"cut":false,"hidden":false,"merged":[]}
[]
["Review the information in the green cells – to change specific values, enter your own values green cells"]
["NUMBER OF DOES = the total number of does currently in your operation"]
["DOES PER ACRE = carrying capacity of your operation (total number of does divided by total number of pasture acres)"]
["CULLING RATE (DOES) = total number of does culled each year as a percent of total number of does (number of does culled each year divided by total number of does in operation)"]
["DOES KEPT FOR REPLACEMENT = number of does kept from the kid crop for replacement in the operation"]
["DEATH LOSS (DOES & KIDS) = percentage of does and kids that die from birth through marketing"]
["KIDS WEANED/DOE = average number of kids weaned per doe each year (total number of kids born divided by the total number of does minus death loss)"]
["NUMBER OF BUCKS = total number of bucks in the operation (recommended: 1 buck per 25 does)"]
["YEARS OF BUCK USE = years that you plan to use buck before culling"]
["BUCK VALUE ($/HEAD) = average value of each buck in the operation"]
["DOE VALUE ($/HEAD) = average value of each doe in the operation"]
["LABOR (HOURS/DOE) = number of hours for paid labor per doe owned per year"]
["AMOUNT FINANCED = total amount of money borrowed to fund the operation"]
["ANNUAL INTEREST RATE = annualized interest rate of money borrowed"]
["AVG. AMOUNT OF HAY FED/HEAD/DAY (DOES) = the average number of pounds of hay fed to does each day while hay is provided"]
["NUMBER OF DAYS HAY IS FED (DOES) = the number of days hay is fed to does during the year"]
["AVG. AMOUNT OF FEED FED/HEAD/DAY (DOES) = the average number of pounds of feed fed to does each day while feed is provided"]
["NUMBER OF DAYS FEED IS FED (DOES) = the number of days feed is fed to does during the year"]
["AVG. AMOUNT OF FEED FED/HEAD/DAY (BUCKS) = the average number of pounds of feed fed to bucks per day (breeding and confinement)"]
["AVG. AMOUNT OF HAY FED/HEAD/DAY (BUCKS) = the average number of pounds of hay fed to bucks per day (breeding and confinement)"]
["NUMBER OF DAYS FEED & HAY IS FED (BUCKS) = total number of days bucks are fed feed and hay during the year (breeding and confinement)"]
["LBS CREEP FEED FED/HEAD/DAY (KIDS) = average pounds of feed provided to kids each day by way of creep feeding"]
["DAYS OF CREEP FEEDING (KIDS) = total number of days kids are provided creep feed during the year"]
["MARKET KID PRICE ($/LB) = average price per pound for all market kids sold"]
["AVG. KID SALE WEIGHT (LBS) = average weight of kids sold at market"]
["CULL DOE PRICE ($/LB) = average price per pound for all does sold as culls"]
["AVERAGE DOE WEIGHT (LBS) = the average body weight of does owned (pounds)"]
[]
["OPTIONAL: Review the orange cells under “Direct Expenses” section – to change specific prices, enter your own values in these cells"]
["Pasture Cost = annual cost of pasture maintenance. Pulled from 2017 Mississippi State Forage Budgets. Detailed on mix_grass_budget tab."]
["Supplemental Feed (does) = cost per pound for the feed that is provided to does"]
["Creep Feed (kids) = cost per pound for the feed provided to kids (as a creep feed)"]
["Hay = cost per round bale for hay"]
["     -- If feeding square bales: one round bale equals approximately 17 square bales. To calculate hay cost multiply individual square bale cost times 17."]
["Salt & Mineral = cost per pound of salt and/or mineral provided during the year"]
["Vet & Medicine = cost per head of all vet and medical supplies provided to does and buck during the year"]
["Deworming – breeding stock = cost per single dose to deworm breeding stock"]
["Deworming –  kids = cost per single dose to deworm kids"]
["Vaccinations – breeding stock =  cost per single dose to vaccinate breeding stock"]
["Vaccinations –  kids = cost per single dose to vaccinate kids"]
["Hired Labor = cost per hour for hired help"]
["Misc. Supplies = any additional supplies not included above"]
["Land Rent = annual cost to rent one acre of pastureland. "]
["Marketing Expenses = cost per head to market all goats sold from the operation each year (include yardage and commission)"]

{"sheet":"Budget","index":1,"n_rows":90,"n_cols":14,"rows_kept":90,"cut":false,"hidden":false,"merged":[[74,1,74,5],[86,1,87,13],[19,2,19,4],[7,6,7,9],[8,6,8,9],[9,6,9,9],[10,2,10,4],[8,2,8,4],[9,2,9,4],[11,2,11,4],[17,2,17,4],[13,2,13,4],[14,2,14,4],[15,2,15,4],[16,2,16,4],[18,2,18,4],[18,6,18,9],[0,0,0,9],[1,0,1,9],[2,0,2,9],[7,2,7,4],[12,2,12,4],[10,6,10,9],[11,6,11,9],[12,6,12,9],[4,0,4,9],[3,0,3,9],[19,6,19,9],[13,6,13,9],[14,6,14,9],[15,6,15,9],[16,6,16,9],[17,6,17,9]]}
["Mississippi Small Ruminant Production Budget"]
[]
["Instructions: Enter your farm's values in the green cells. "]
["The values in the orange cells are pre-filled using averages but may be adjusted for your farm."]
["For sheep terminology, DOES=EWES, BUCKS=RAMS, and KIDS=LAMBS"]
[]
["ASSUMPTIONS USED IN BUDGET:"]
[null,25,"NUMBER OF DOES",null,null,2,"AVG. AMOUNT OF HAY FED/HEAD/DAY (DOES)"]
[null,5,"FEMALES PER ACRE",null,null,150,"NUMBER OF DAYS HAY IS FED (DOES)"]
[null,0.15,"CULLING RATE (DOES)",null,null,0.5,"AVG. AMOUNT OF FEED FED/HEAD/DAY (DOES)"]
[null,5,"FEMALES KEPT FOR REPLACEMENT",null,null,100,"NUMBER OF DAYS FEED IS FED (DOES)"]
[null,0.1,"DEATH LOSS (DOES)",null,null,1,"AVG. AMOUNT OF FEED FED/HEAD/DAY (BUCKS)"]
[null,1.5,"KIDS WEANED PER DOE PER YEAR",null,null,2,"AVG. AMOUNT OF HAY FED/HEAD/DAY (BUCKS)"]
[null,1,"NUMBER OF BUCKS",null,null,100,"NUMBER OF DAYS FEED & HAY IS FED (BUCKS)"]
[null,3,"YEARS OF BUCK USE",null,null,0.5,"LBS CREEP FEED FED/HEAD/DAY (KIDS)"]
[null,250,"BUCK VALUE ($/HEAD)",null,null,60,"DAYS OF CREEP FEEDING (KIDS)"]
[null,125,"EWE/DOE VALUE ($/HEAD)",null,null,2,"MARKET KID PRICE ($/LB)"]
[null,0.5,"LABOR (HOURS/DOE)",null,null,70,"AVG. KID SALE WEIGHT (LBS)"]
[null,0,"AMOUNT FINANCED",null,null,1,"CULL DOE PRICE ($/LB)"]
[null,0.06,"ANNUAL INTEREST RATE",null,null,100,"AVG. DOE WEIGHT (LBS)"]
[null,null,null,null,null,null,null,"Price or Cost","Total","Value/Cost"]
[null,null,null,null,"Head","Unit","Quantity","per Unit","Value/Cost","per Doe"]
["INCOME"]
[null,"Market Kids per Year",null,null,{"$f":"(TRUNC(B8*B13,0)-B11)-(TRUNC(B8*B13,0)-B11)*B12","v":28.8},"lbs",{"$f":"E24*F18","v":2016},{"$f":"F17","v":2},{"$f":"H24*G24","v":4032},{"$f":"+I24/$B$8","v":161.28}]
[null,"Cull Does per Year",null,null,{"$f":"TRUNC(B8*B10,0)","v":3},"lbs",{"$f":"E25*F20","v":300},{"$f":"F19","v":1},{"$f":"H25*G25","v":300},{"$f":"+I25/$B$8","v":12}]
[]
["GROSS INCOME",null,null,null,null,null,null,null,{"$f":"SUM(I24:I25)","v":4332},{"$f":"+I27/$B$8","v":173.28}]
[]
["DIRECT (OPERATING) EXPENSES"]
[null,"Pasture Cost",null,null,null,"acre",{"$f":"ROUNDUP((B8/B9),0)","v":5},144.83000000000001,{"$f":"H30*G30","v":724.15000000000009},{"$f":"I30/B$8","v":28.966000000000005}]
[null,"Supplemental Feed (does)",null,null,null,"lbs",{"$f":"B8*F10*F11","v":1250},0.3,{"$f":"H31*G31","v":375},{"$f":"I31/B$8","v":15}]
[null,"Creep Feed (kids)",null,null,null,"lbs",{"$f":"E24*(F16*F15)","v":864},0.3,{"$f":"H32*G32","v":259.2},{"$f":"I32/B$8","v":10.368}]
[null,"Hay",null,null,null,"Round Bale",{"$f":"(F8*B8*F9)/1200","v":6.25},50,312.5,12.5]
[null,"Salt & Mineral",null,null,null,"lbs",{"$f":"2*B8","v":50},0.56000000000000005,{"$f":"H34*G34","v":28.000000000000004},1.1200000000000001]
[null,"Vet & Medicine",null,null,null,"head",{"$f":"B8+B14","v":26},6,156,6.24]
[null,"   Deworming"]
[null,"      breeding stock",null,null,null,"doses",{"$f":"2*(B8+B14)","v":52},1,52,2.08]
[null,"      kids",null,null,null,"doses",{"$f":"3*ROUND((B8*B13),0)","v":114},0.25,28.5,1.1399999999999999]
[null,"   Vaccinations"]
[null,"      breeding stock",null,null,null,"doses",{"$f":"2*(B8+B14)","v":52},0.55000000000000004,28.6,1.1440000000000001]
[null,"      kids",null,null,null,"doses",{"$f":"2*ROUND((B8*B13),0)","v":76},0.6,45.6,1.8240000000000001]
[null,"Hired Labor",null,null,null,"hour",{"$f":"B18*B8","v":12.5},10,125,5]
[null,"Misc. Supplies",null,null,null,"head",{"$f":"B8","v":25},1.5,37.5,1.5]
[null,"Marketing Expenses",null,null,null,"head",{"$f":"E24+E25","v":31.8},4,{"$f":"H44*G44","v":127.2},{"$f":"I44/B$8","v":5.0880000000000001}]
[null,"Land Rent",null,null,null,"Acre",0,30,{"$f":"H45*G45","v":0},{"$f":"I45/B$8","v":0}]
[null,"Buck Maintenance Expense",null,null,null,"head",{"$f":"B14","v":1},{"$f":"(B14*F12*F14*H31)+((B14*F13*F9*H33)/1200)","v":42.5},{"$f":"H46*G46","v":42.5},1.7]
[null,"Repair & Maint. (Buildings/Equip.)",null,null,null,"dollars",null,null,{"$f":"M85","v":70.107619047619053},2.8043047619047621]
[null,"Vehicle Fuel & Oil",null,null,null,"dollars",null,null,{"$f":"M81+(15*12)","v":215.71428571428572},8.6285714285714281]
[null,"Buck Replacement",null,null,null,"head",{"$f":"B14/B15","v":0.33333333333333331},{"$f":"B16","v":250},{"$f":"H49*G49","v":83.333333333333329},3.333333333333333]
[null,"Doe Replacement (Assumes Death Loss Specified)",null,null,null,"head",{"$f":"TRUNC(B8*B10,0)+TRUNC(B8*B12,0)-B11","v":0},{"$f":"B17","v":125},{"$f":"H50*G50","v":0},{"$f":"I50/B$8","v":0}]
[null,"Annual Financing Expenses",null,null,null,"%",{"$f":"B20","v":0.06},{"$f":"B19","v":0},{"$f":"H51*G51","v":0},0]
[]
["TOTAL DIRECT EXPENSES",null,null,null,null,null,null,null,{"$f":"SUM(I30:I51)","v":2710.9052380952385},{"$f":"I53/B$8","v":108.43620952380954}]
["RETURN OVER DIRECT EXPENSES",null,null,null,null,null,null,null,{"$f":"I27-I53","v":1621.0947619047615},{"$f":"J27-J53","v":64.843790476190463}]
[]
["FIXED EXPENSES"]
[null,"General Overhead",null,null,null,"head",{"$f":"B8","v":25},1.25,{"$f":"H57*G57","v":31.25},{"$f":"I57/B$8","v":1.25}]
[null,"Interest on Breeding Stock",null,null,null,"%",{"$f":"B20","v":0.06},{"$f":"B8*B17+B14*B16","v":3375},{"$f":"H58*G58","v":202.5},{"$f":"I58/B$8","v":8.1}]
[null,"Interest on Buildings and Equip.",null,null,null,"%",{"$f":"G51","v":0.06},{"$f":"G85","v":3595},{"$f":"H59*(G59*(F11/365))","v":59.095890410958901},{"$f":"I59/B$8","v":2.3638356164383563}]
[null,"Depreciation",null,null,null,"dollars",null,null,{"$f":"L85","v":193.12619047619046},7.7250476190476185]
[null,"Taxes & Insurance",null,null,null,"dollars",null,null,{"$f":"N85","v":62.912499999999994},{"$f":"I61/B$8","v":2.5164999999999997}]
[]
["TOTAL FIXED EXPENSES",null,null,null,null,null,null,null,{"$f":"SUM(I57:I61)","v":548.88458088714935},{"$f":"I63/B$8","v":21.955383235485975}]
["TOTAL SPECIFIED EXPENSES",null,null,null,null,null,null,null,{"$f":"I53+I63","v":3259.7898189823877},{"$f":"I64/B$8","v":130.39159275929552}]
[]
["RETURN OVER TOTAL SPECIFIED EXPENSES",null,null,null,null,null,null,null,{"$f":"I27-I64","v":1072.2101810176123},{"$f":"I66/B$8","v":42.888407240704488}]
[]
[]
[]
["FACILITIES AND EQUIPMENT USED IN DIRECT & FIXED EXPENSE SECTIONS: "]
[]
[null,"ITEM",null,"ESTIMATED",null,"PROPORTION","TOTAL"," SALVAGE","YEARS",null,"SALVAGE",null,null,"TAXES &"]
[null,null,null,"COST","NUMBER"," CHARGED"," CHARGED"," VALUE(%)"," OF LIFE",null,"VALUE","DEPREC.","REPAIRS","INS."]
[null,null,null,null,"",null,""]
[null,"Note: The Blue Cells Do Not Reset by Clicking the Reset Button"]
[null,"FENCING",null,2300,1,0.67,{"$f":"D76*E76*F76","v":1541},0,15,null,{"$f":"(G76*H76)","v":0},{"$f":"(AVERAGE(G76,K76)/I76)","v":51.366666666666667},{"$f":"(0.2*G76)/I76","v":20.54666666666667},{"$f":"0.0175*G76","v":26.967500000000001}]
[null,"CORRAL",null,500,1,0.67,{"$f":"D77*E77*F77","v":335},0,15,null,{"$f":"(G77*H77)","v":0},11.166666666666666,4.4666666666666668,5.8625000000000007]
[null,"FEED BUNK",null,250,1,0.67,167.5,0,10,null,0,8.375,3.35,2.9312500000000004]
[null,"WATER TANK, ETC.",null,250,1,0.67,167.5,0,10,null,0,8.375,3.35,2.9312500000000004]
[null,"MINERAL FEEDER",null,200,1,0.67,134,0,10,null,0,6.7,2.68,2.3450000000000002]
[null,"PICKUP",null,25000,1,0.05,{"$f":"D81*E81*F81","v":1250},0.2,7,null,{"$f":"(G81*H81)","v":250},107.14285714285714,35.714285714285715,21.875000000000004]
[]
[]
[]
[null,"TOTAL",null,null,null,null,{"$f":"SUM(G76:G81)","v":3595},null,null,null,{"$f":"SUM(K76:K81)","v":250},{"$f":"SUM(L76:L81)","v":193.12619047619046},{"$f":"SUM(M76:M81)","v":70.107619047619053},{"$f":"SUM(N76:N81)","v":62.912499999999994}]
[]
[null,"Disclaimer: This spreadsheet is provided by the Mississippi State University Extension Service for eductational use. It is provided solely on an \"AS IS\" basis. MSU-ES assumes no liabiltly for the use of this spreadsheet."]
[]
[]
[null,"Contact: Dr. Josh Maples at josh.maples@msstate.edu, or Mr. Kipp Brown at kipp.brown@msstate.edu"]

{"sheet":"mix_grass_budget","index":2,"n_rows":41,"n_cols":7,"rows_kept":41,"cut":false,"hidden":false,"merged":[]}
["Table 7.B Estimated costs per acre"]
["Permanent summer pasture maintenance (i.e. bahia,"]
["bermuda, dallisgrass, mixed grasses),Mississippi 2017"]
[]
[null,null,"ITEM"," UNIT"," PRICE"," QUANTITY"," AMOUNT"]
[]
["DIRECT EXPENSES"]
[null,"FERTILIZER"]
[null,null,"Fert. 33-0-0-12s","cwt",17.5,3,{"$f":"E9*F9","v":52.5}]
[null,null,"Phosphate (46% P2O5)","cwt",21.88,1,{"$f":"E10*F10","v":21.88}]
[null,null,"Potash (60% K2O)","cwt",16.97,1,{"$f":"E11*F11","v":16.97}]
[null,"HERBICIDE"]
[null,null,"GrazonNext","pt",6.85,2,{"$f":"E13*F13","v":13.7}]
[null,"CUSTOM FERT"]
[null,null,"Custom Spread(Truck)","appl",7,2,{"$f":"E15*F15","v":14}]
[null,"SERVICE FEE"]
[null,null,"Soil Testing","acre",6,0.33,1.98]
[null,"CUSTOM LIME"]
[null,null,"Lime (Spread)","ton",46,0.33,15.180000000000001]
[null,"OPERATOR LABOR"]
[null,null,"Tractors","hour",13.14,0.1608,2.1129120000000001]
[null,"HAND LABOR"]
[null,null,"Implements","hour",9.06,3.1300000000000001E-2,0.28357800000000005]
[null,"DIESEL FUEL"]
[null,null,"Tractors","gal",1.7,0.621,1.0556999999999999]
[null,"REPAIR & MAINTENANCE"]
[null,null,"Implements","acre",1.08,1,1.08]
[null,null,"Tractors","acre",0.18,1,0.18]
[null,"INTEREST ON OP. CAP.",null,"acre",3.91,1,3.91]
[]
["TOTAL DIRECT EXPENSES",null,null," ",null,null,{"$f":"SUM(G9:G29)","v":144.83219000000003}]
["FIXED EXPENSES"]
[null,null,"Implements","acre",0.84,1,{"$f":"E33*F33","v":0.84}]
[null,null,"Tractors","acre",1.05,1,1.05]
[null,null,"Prorated Est Cost","acre",23.54,1,23.54]
[]
["TOTAL FIXED EXPENSES",null,null,null,null,null,{"$f":"SUM(G33:G35)","v":25.43}]
[]
["TOTAL SPECIFIED EXPENSES",null,null,null,null,null,{"$f":"G31+G37","v":170.26219000000003}]
[]
["Note: Cost of production estimates are based on 2017 input prices."]